| 000 | 01097cam a22003377a 4500 | ||
|---|---|---|---|
| 003 | CHAP | ||
| 005 | 20220329141610.0 | ||
| 008 | 971013s1962 r 00010 spa d | ||
| 010 | _a70782 | ||
| 011 | _a71754 | ||
| 035 | _a81308 | ||
| 040 | _cCHAP | ||
| 090 | _aFolleto 368 | ||
| 100 | 0 | 0 |
_aAgraz García, Abraham Angel. _91159 |
| 245 | 1 | 3 |
_aLa cabra : _bsu cría en régimen mixto |
| 260 |
_aMéxico, D.F. : _bConfederación Nacional Campesina, _c1962 |
||
| 300 |
_a35 p. _b: ilus. |
||
| 490 | 0 |
_aManual del campesino _v; 2 |
|
| 590 |
_aBATCH-UPD _b10 _c20130109 _lUCH01 _h2359 |
||
| 590 |
_aBATCH-UPD _b10 _c20130110 _lUCH01 _h2103 |
||
| 590 |
_aBATCH-UPD _b10 _c20130409 _lUCH01 _h1933 |
||
| 590 |
_aBATCH-UPD _b10 _c20130410 _lUCH01 _h1416 |
||
| 590 |
_aBATCH-UPD _b10 _c20130913 _lUCH01 _h1956 |
||
| 590 |
_aCONVERSION _b10 _c20130109 _lUCH01 _h1339 |
||
| 650 | 1 | 4 |
_aGanado cabrío. _944988 |
| 830 | 0 |
_aManual del campesino _v; 2 _970625 |
|
| 901 | _aBK | ||
| 942 | _cFOLL | ||
| 949 |
_aFolleto 368 _bBC _cFOLL _d-34573 _eTS1 _i81308 _si |
||
| 949 |
_aFolleto 368 _bBC _cFOLL _d-34574 _eTS2 _fc.2 _i81308 _si |
||
| 999 |
_c70782 _d70782 |
||